000 00285nam a22001217a 4500
008 180806b xxu||||| |||| 00| 0 eng d
082 _a813.52
245 _aThe Nurse, The Math, The Meds
_cDaugherty,V
260 _c2007
300 _a1
_fCD
440 _x9996018563R
942 _2ddc
_cMX
999 _c46858
_d46858